Fabrication of optical comb filter using tapered fiber based ring resonator /
Saved in:
| Main Author: | |
|---|---|
| Format: | Thesis Book |
| Language: | English |
| Published: |
2010.
|
| Subjects: | |
| Tags: |
Add Tag
No Tags, Be the first to tag this record!
|
| LEADER | 01173cam a2200289 i 4500 | ||
|---|---|---|---|
| 001 | u852477 | ||
| 003 | SIRSI | ||
| 005 | 201203051635 | ||
| 008 | 120305s2010 my a m 000 0 eng m | ||
| 040 | |a UMM |d UMJ |e rda | ||
| 090 | |a TK7 |b UM 2010 Jas | ||
| 097 | |a TK7 |b UM 2010 Jas | ||
| 100 | 1 | |a Jasim, Ali Abdulhadi, |e author. | |
| 245 | 1 | 0 | |a Fabrication of optical comb filter using tapered fiber based ring resonator / |c Ali Abdulhadi Jasim. |
| 264 | 1 | |c 2010. | |
| 300 | |a [2] vii, 66 leaves : |b ill. ; |c 30 cm. | ||
| 502 | |a Dissertation (M.Eng.) -- Jabatan Kejuruteraan Elektrik, Fakulti Kejuruteraan, Universiti Malaya, 2010. | ||
| 504 | |a Bibliography: leaves 59-66. | ||
| 650 | 0 | |a Resonators. | |
| 650 | 0 | |a Microresonators (Optoelectronics). | |
| 650 | 0 | |a Optical communications. | |
| 650 | 0 | |a Fiber optics. | |
| 710 | 2 | |a Universiti Malaya. |b Jabatan Kejuruteraan Elektrik. | |
| 900 | |a NHS | ||
| 596 | |a 1 7 | ||
| 999 | |a TK7 UM 2010 JAS |w LC |c 2 |i A513413432 |d 22/4/2014 |f 22/4/2014 |g 1 |l STACKS |m P07JURUTER |r Y |s Y |t TESIS |u 10/4/2014 |1 STEM | ||
| 999 | |a TK7 UM 2010 JAS |w LC |c 1 |i A513413123 |d 27/12/2012 |f 27/12/2012 |g 1 |l B_KOM1 |m P01UTAMA |r Y |s Y |t TESIS |u 27/12/2012 |o .CIRCNOTE. BKOM 1 :035342 | ||
